00801cam a22002291 450000100060000000300080000600500170001400800390003103500190007004000380008904100080012708200250013510000210016024500560018126000380023730000430027549001320031850400370045065000350048765000340052265000150055614938BD-RjUL20211208235724.0190325s1961 nyua b 001 0 eng a(BD-RjUL)14992 aDLCcODaWUdBD-RjULdUkdDLCbeng aeng a539.76bRIT 19612231 aRitson, David M 10aTechniques of high energy physics /cDavid M Ritson aNew York :bInterscience,cc1961. axii, 540 p. : bill., tabl. ; c24 cm. a Interscience monographs and texts in physics and astronomy, 5; Interscience monographs and texts in physics and astronomy, 5.  aIncludes bibliography and index. aNuclear physicsv Instruments. aNuclear physicsvExperiments. aRadiation.